| 000 | 00925nam a2200253 a 4500 | ||
|---|---|---|---|
| 001 | BRCA_6607 | ||
| 005 | 20190320205526.0 | ||
| 008 | 081010c1964----ag-af#####---#000-0#spa-# | ||
| 041 | _aspa | ||
| 044 | _aag | ||
| 050 | 4 |
_aND553 _b.P56 67 1964 |
|
| 245 | 1 | 0 |
_aCamille Pissarro _cmonografía por Laura Malvano ; traducción por Jesús López Pacheco ; el juicio del siglo XX, por María Inés Rivera. |
| 260 |
_aArgentina _bCodex _c[1964] |
||
| 300 |
_a1 v. (sin paginación) _bil., 16 láminas a color _c36 cm. |
||
| 440 | 0 |
_aPinacoteca de los genios : la más grandiosa colección de arte del mundo _v67 _916514 |
|
| 500 | _aIncluye índice de ilustraciones | ||
| 500 | _aDonación Dra. Elsa Barberena | ||
| 600 | 1 | 4 |
_aPissarro, Camille _d1830-1903 _916515 |
| 700 | 1 |
_aMalvano, Laura _916516 |
|
| 700 | 1 |
_aRivera, María Inés _916517 |
|
| 700 | 1 |
_aLópez Pacheco, Jesús _etr. _916518 |
|
| 902 | _aDEB | ||
| 942 |
_2lcc _cB |
||
| 999 |
_c6291 _d6291 |
||